Normal view
MARC view
Entry Personal Name
001 - CONTROL NUMBER
- control field: 628545
003 - CONTROL NUMBER IDENTIFIER
- control field: OSt
005 - DATE AND TIME OF LATEST TRANSACTION
- control field: 20221005120115.0
008 - FIXED-LENGTH DATA ELEMENTS
- fixed length control field: 221005|| aca||aabn | a|a d
040 ## - CATALOGING SOURCE
- Original cataloging agency: OSt
- Transcribing agency: OSt
100 ## - HEADING--PERSONAL NAME
- Personal name: Kulkarni Geeta Au
670 ## - SOURCE DATA FOUND
- Source citation: Work cat.: (OSt)1036898: Kulkarni Geeta Au., Deepa minchithu, 1970
